| 000 | 00882nam a2200265 a 4500 | ||
|---|---|---|---|
| 001 | 000023348 | ||
| 005 | 20250428113921.0 | ||
| 008 | 101202s1976 mx r 000 | spa d | ||
| 040 |
_aDO-SdBNP _bspa _cBNPHU |
||
| 082 |
_a305.43 _bH173c |
||
| 100 | 1 |
_aHalimi, Gisèle _948094 |
|
| 240 | 1 | 3 |
_aLa cause des femmes _lEspañol. |
| 245 | 1 | 3 |
_aLa causa de las mujeres / _cGisèle Halimi ; traducción Josefina Rubio. |
| 260 |
_aMéxico : _bEdiciones Era, _c1976. |
||
| 300 |
_a192 p. ; _c18 cm. |
||
| 490 | 1 | _aPopular Era | |
| 500 | _aTítulo original en francés. | ||
| 590 | _aPerteneció a la biblioteca personal de Juan Isidro Jimenes Grullón. | ||
| 650 | 0 |
_aMujeres _913968 |
|
| 650 | 0 |
_aMujeres en el desarrollo de la comunidad _92086 |
|
| 650 | 0 |
_aMujeres en desarrollo _948095 |
|
| 700 | 1 |
_aRubio, Josefina, _etr. _948096 |
|
| 830 | 0 |
_aPopular Era _927371 |
|
| 049 | _aBNGR | ||
| 999 |
_c22845 _d22845 |
||